ঢ়
ক্ষ
ড়
ঢ়
য়
র-ফলা‌‌‌
 
 
য-ফলা
ি
 
 
রেফ
 
 
 
যুক্ত করুন/হসন্ত
Space
Enter

Starting out with Python / (Record no. 184)

000 -LEADER
fixed length control field 00697nam a22002537a 4500
001 - CONTROL NUMBER
control field 20638
003 - CONTROL NUMBER IDENTIFIER
control field BD-DhUAP
005 - DATE AND TIME OF LATEST TRANSACTION
control field 20200119122336.0
008 - FIXED-LENGTH DATA ELEMENTS--GENERAL INFORMATION
fixed length control field 2001 s2019 nyua 001 0 eng
010 ## - LIBRARY OF CONGRESS CONTROL NUMBER
LC control number 2011002923
020 ## - INTERNATIONAL STANDARD BOOK NUMBER
International Standard Book Number 9781292225753
020 ## - INTERNATIONAL STANDARD BOOK NUMBER
International Standard Book Number 1292225750
040 ## - CATALOGING SOURCE
Original cataloging agency DLC
Transcribing agency DLC
Modifying agency BD-DhUAP
Language of cataloging Eng
082 00 - DEWEY DECIMAL CLASSIFICATION NUMBER
Edition number 23
Classification number 005.133 GAD
100 1# - MAIN ENTRY--PERSONAL NAME
Personal name Gaddis, Tony.
245 10 - TITLE STATEMENT
Title Starting out with Python /
Statement of responsibility, etc. Tony Gaddis.
250 ## - EDITION STATEMENT
Edition statement 4th ed.
260 ## - PUBLICATION, DISTRIBUTION, ETC.
Place of publication, distribution, etc. Boston :
Name of publisher, distributor, etc. Pearson Addison-Wesley,
Date of publication, distribution, etc. c2019.
300 ## - PHYSICAL DESCRIPTION
Extent xvii, 611 pages :
Other physical details illustrations ;
Dimensions 26 cm.
500 ## - GENERAL NOTE
General note Includes index.
650 #0 - SUBJECT ADDED ENTRY--TOPICAL TERM
Topical term or geographic name entry element Python (Computer program language).
650 #0 - SUBJECT ADDED ENTRY--TOPICAL TERM
Source of heading or term Programmering.
942 ## - ADDED ENTRY ELEMENTS (KOHA)
Source of classification or shelving scheme
Koha item type Book
Holdings
Withdrawn status Lost status Source of classification or shelving scheme Damaged status Not for loan Permanent Location Current Location Shelving location Date acquired Total Checkouts Total Renewals Full call number Barcode Date last seen Date last checked out Copy number Price effective from Koha item type
          UAP Central Library UAP Central Library General Stacks 2020-01-19 2 1 005.133 GAD 3010020638 2022-08-01 2022-07-24 1 2020-01-19 Book
          UAP Central Library UAP Central Library General Stacks 2020-01-19 4   005.133 GAD 3010020639 2025-03-02 2025-01-27 2 2020-01-19 Book

All rights reserved © UAP Central Library,
University of Asia Pacific.